|
|
|
|
| LEADER |
01953nem a2200433 a 4500 |
| 001 |
nkc20122390966 |
| 003 |
CZ PrNK |
| 005 |
20120822134148.0 |
| 007 |
aj canzn |
| 008 |
120813s2012 xr ag a 0 cze |
| 015 |
|
|
|a cnb002390966
|
| 034 |
1 |
|
|a a
|b 75000
|d E0120454
|e E0131905
|f N0503240
|g N0495306
|
| 040 |
|
|
|a BOA001
|b cze
|
| 041 |
0 |
|
|a cze
|a ger
|
| 043 |
|
|
|a e-xr---
|b e-xr-ka
|2 czenas
|
| 072 |
|
7 |
|a 913(437)
|x Geografie Česka a Slovenska, reálie, cestování
|2 Konspekt
|9 7
|
| 072 |
|
7 |
|a 912
|x Mapy. Atlasy. Glóby
|2 Konspekt
|9 7
|
| 080 |
|
|
|a 796.61
|2 MRF
|
| 080 |
|
|
|a 913(437.318)
|2 MRF
|
| 080 |
|
|
|a (084.3)796.61
|2 MRF
|
| 110 |
2 |
|
|a Freytag & Berndt (nakladatelství : Praha, Česko)
|7 mzk2003190950
|
| 245 |
1 |
0 |
|a Karlovarský kraj
|h [kartografický dokument] :
|b cyklistická mapa 1:75 000 /
|c zpracoval a vydal Freytag & Berndt Praha
|
| 250 |
|
|
|a 3., aktualiz. vyd.
|
| 255 |
|
|
|a Měřítko 1:75 000
|c [(012°04´54" v.d.--013°19´05" v.d./050°32´40" s.š.--049°53´06" s.š.)]
|
| 260 |
|
|
|a Praha :
|b Freytag a Berndt,
|c 2012
|
| 300 |
|
|
|a 1 mapa :
|b obě strany, barev. ;
|c 95 x 118 cm, na listu 98 x 62 cm, složeno na 21 x 13 cm
|
| 500 |
|
|
|a Pro Krajský úřad Karlovarského kraje vydal Freytag & Berndt Praha
|
| 500 |
|
|
|a Doplňková mapa - Detail lázeňských lesů s doporučenými trasami (1:14 000)
|
| 546 |
|
|
|a Místní jména česky a část. německy
|
| 650 |
0 |
7 |
|a cykloturistika
|7 ph114274
|z Česko
|2 czenas
|
| 651 |
|
7 |
|a Karlovarský kraj (Česko : 2000-)
|7 ge135866
|2 czenas
|
| 655 |
|
7 |
|a cykloturistické mapy
|7 fd131996
|2 czenas
|
| 710 |
1 |
|
|a Karlovarský kraj (Česko : 2000-)
|7 ge135866
|
| 910 |
2 |
|
|a BOA001
|b Mp2-1290.248
|
| 990 |
|
|
|a MP
|
| 995 |
|
|
|a 60
|
| 991 |
|
|
|b 201208
|c NOV
|e n
|
| 996 |
6 |
|
|b 2610519225
|c Mp2-1290.248
|l MZK
|r Sklad / do 1 hodiny
|n 0
|p p.v.
|w 001273199
|u 000010
|a 1
|e BOA001
|j MZK50
|s P
|
| 996 |
7 |
|
|b 2610519226
|c Mp2-1290.248
|l MZK
|r Sklad / do 1 hodiny
|n 1
|p p.v.
|w 001273199
|u 000020
|a 1
|e BOA001
|j MZK50
|s A
|